| 000 | 00000nam##2200000za#4500 |
| 001 | 9.615485 |
| 003 | CaOODSP |
| 005 | 20210929082757 |
| 007 | ta |
| 008 | 150406|2001||||xxc||||| f|0| 0 eng|d |
| 020 | |a0-662-29929-9 |
| 022 | |a1209-6571 |
| 040 | |aCaOODSP|beng |
| 043 | |an-cn--- |
| 086 | 1 |aFo29-47/24-2001E |
| 110 | 1 |aCanada. |bNatural Resources Canada. |bCanadian Forest Service. |
| 245 | 10|aPolygon decomposition - a procedure for using remotely sensed data to supplement GIS forest inventories|cby Mike Wulder, Steven E. Franklin, and Mike B. Lavigne. |
| 260 | |aVictoria - British Columbia : |bNatural Resources Canada. |c2001. |
| 300 | |a4p. : |bcoloured illus. ; |c28 cm. |
| 490 | 1 |aTechnology transfer note|x1209-6571|v24 |
| 563 | |aPamphlet |
| 590 | |a01-28|b2001-07-13 |
| 690 | 07|aGeographic information systems|2gcpds |
| 690 | 07|aForest management|2gcpds |
| 690 | 07|aAerial photography|2gcpds |
| 720 | 1 |aWulder, Mike |
| 720 | 1 |aFranklin, Steven E. |
| 720 | 1 |aLavigne, Mike B. |
| 776 | 0#|tPolygon decomposition - a procedure for using remotely sensed data to supplement GIS forest inventories|w(CaOODSP)9.572379 |
| 830 | #0|aTechnology transfer note,|x1209-6571|v24|w(CaOODSP)9.514646 |